Statistics for Real Life Bug-type Pokémon

Click here to take the quiz!

General Stats

  • This quiz has been taken 41 times
  • The average score is 11 of 20

Answer Stats

PokémonReal Bug% Correct
ButterfreeButterfly
100%
SpinarakSpider
100%
CaterpieCaterpillar
97%
YanmaDragonfly
93%
LedybaLadybug
93%
ScytherPraying Mantis
80%
KricketuneCricket
77%
SkorupiScorpion
73%
ScolipedeCentipede
60%
VolcaronaMoth
53%
VolbeatFirefly
47%
HeracrossHorned Beetle
47%
PheromosaCockroach
37%
DwebbleHermit Crab
37%
BuzzwoleMosquito
37%
NinjaskCicada
33%
WormadamBagworm
20%
AccelgorSnail
20%
WimpodIsopod
17%
LeavannyLeaf Insect
7%

Score Distribution

Percentile by Number Answered

Percent of People with Each Score

Your Score History

You have not taken this quiz